Les Eugène du plan de Paris - Statistiques

Statistiques générales
  • Ce quiz a été pris 7 fois
  • Le résultat moyen est 3 sur 21
Statistiques - réponses
Hint Extra Hint Explanation Réponse % Correct
Eugène Delacroix 16e 1798-1863 Artiste peintre
33%
Eugène Sue 18e 1804-1857 Ecrivain / Poète
33%
Eugène Spuller 3e 1835-1896 Homme politique
33%
Eugène Hatton 12e 1851-1918 Philanthrope
33%
Eugène Atget 13e 1857-1927 Photographe
33%
Eugène Beaudouin 16e 1898-1983 Architecte
17%
Eugène Varlin 10e 1839-1871 Communard
17%
Eugène Labiche 16e 1815-1888 Ecrivain / Poète
17%
Eugène Pelletan 14e 1813-1884 Ecrivain / Poète
17%
Eugène Poubelle 16e 1831-1907 Haut fonctionnaire
17%
Eugène Carrière 18e 1849-1906 Artiste peintre
0%
Eugène Millon 15e 1812-1867 Chimiste
0%
Eugène Fournière 18e 1857-1914 Ecrivain / Poète
0%
Eugène Manuel 16e 1823-1901 Ecrivain / Poète
0%
Eugène Petit 14e 1907-1989 Homme politique
0%
Eugène Reisz 20e 1863-1921 Homme politique
0%
Eugène Flachat 17e 1802-1873 Ingénieur
0%
Eugène Gibez 15e Propriétaire
0%
Eugène Jumin 19e 1855-1913 Propriétaire
0%
Eugène Leblanc 19e Propriétaire
0%
Eugène Oudiné 13e 1810-1887 Sculpteur
0%
Aucun quiz correspondant
Distribution des résultats
% des personnes avec chaque résultat
Percentile par nombre de réponses
Votre historique - résultats
Vous n’avez pas pris ce quiz